00501nam a2200181 a 4500001001300000003000900013005001700022008004100039020002300080082001800103100002100121245006400142260003400206300000900240500003500249505001000284650002500294nice12345678IN_TiNIC20260116013251.0050524s1994 newa grp 000 0 eng  a8170950 c30000a297.0927bGOG aGogoi, Aparajita aArab Nationalismb Birth, Evolution and the Present Dilemma aNew DelhibLancers Bookc1994 a287p aincludes index and biblioraphy2 aIndex aIslam-Arab Countries